| 000 | 00345nam a22001457a 4500 | ||
|---|---|---|---|
| 003 | OSt | ||
| 020 | _a9788125920595 | ||
| 082 |
_a658 _b14818 |
||
| 100 | _aBiswanath Ghosh | ||
| 245 | _aEthics in amanagement and Indian ethos | ||
| 250 | _a1 | ||
| 260 |
_aNew Delhi _bVikas publishing house pvt.ltd _c2006 |
||
| 300 | _a305p. | ||
| 942 |
_2ddc _cBK |
||
| 999 |
_c190452 _d190452 |
||